[Event "Commonwealth Open 2019"]
[Site "Delhi"]
[Date "2019.07.02"]
[Round "4.19"]
[White "Sa, Kannan"]
[Black "Sangma, Rahul"]
[Result "1/2-1/2"]
[WhiteElo "1947"]
[BlackElo "2298"]
[Annotator "NA"]
[PlyCount "38"]
[EventDate "2019.06.30"]
[EventType "swiss"]
[EventCountry "IND"]
[SourceTitle "playchess.com"]
[Source "ChessBase"]
[SourceQuality "1"]
[TimeControl "5400+30"]

1. d4 {[%emt 0:07:03]} Nf6 {[%emt 0:00:00]} 2. Nf3 {[%emt 0:00:03]} e6 {[%emt 0:00:29]} 3. e3 {[%emt 0:01:46]} b6 {[%emt 0:01:22]} 4. Nbd2 {[%emt 0:00:38]} Bb7 {[%emt 0:00:11]} 5. Bd3 {[%emt 0:00:14]} c5 {[%emt 0:01:16]} 6. c3 {[%emt 0:00:03]} d5 {[%emt 0:01:45]} 7. Ne5 {[%emt 0:00:19]} Nbd7 {[%emt 0:02:15]} 8. f4 {[%emt 0:00:28]} g6 {[%emt 0:00:16]} 9. O-O {[%emt 0:03:08]} Bg7 {[%emt 0:00:04]} 10. Qf3 {[%emt 0:01:01]} O-O {[%emt 0:01:08]} 11. b3 {[%emt 0:04:28]} Ne8 {[%emt 0:02:38]} 12. Qh3 {[%emt 0:04:23]} Nd6 {[%emt 0:00:36]} 13. Ndf3 {[%emt 0:02:01]} Ne4 {[%emt 0:01:31]} 14. Bxe4 {[%emt 0:01:53]} dxe4 {[%emt 0:00:03]} 15. Ng5 {[%emt 0:05:50]} Nf6 {[%emt 0:00:45]} 16. Ng4 {[%emt 0:12:17]} Nh5 {[%emt 0:04:21]} 17. Nf2 {[%emt 0:00:47]} Nf6 {[%emt 0:11:05]} 18. Ng4 {[%emt 0:00:47]} Nh5 {[%emt 0:10:15]} 19. Nf2 {[%emt 0:01:52]} Nf6 {[%emt 0:05:53]} 1/2-1/2

[Event "Commonwealth Open 2019"]
[Site "Delhi"]
[Date "2019.07.02"]
[Round "4.20"]
[White "Muhammed, Shuaau"]
[Black "Wagh, Suyog"]
[Result "0-1"]
[WhiteElo "1868"]
[BlackElo "2250"]
[Annotator "NA"]
[PlyCount "70"]
[EventDate "2019.06.30"]
[EventType "swiss"]
[EventCountry "IND"]
[SourceTitle "playchess.com"]
[Source "ChessBase"]
[SourceQuality "1"]
[TimeControl "5400+30"]

1. e4 {[%emt 0:00:00]} e5 {[%emt 0:00:26]} 2. Nf3 {[%emt 0:00:00]} Nc6 {[%emt 0:00:05]} 3. Bc4 {[%emt 0:00:00]} Bc5 {[%emt 0:00:41]} 4. d3 {[%emt 0:00:01]} Nf6 {[%emt 0:00:08]} 5. O-O {[%emt 0:00:13]} d6 {[%emt 0:01:27]} 6. c3 {[%emt 0:01:35]} O-O {[%emt 0:00:18]} 7. b4 {[%emt 0:04:09]} Bb6 {[%emt 0:00:25]} 8. h3 {[%emt 0:02:14]} Ne7 {[%emt 0:06:43]} 9. Re1 {[%emt 0:00:52]} Ng6 {[%emt 0:00:27]} 10. Nbd2 {[%emt 0:07:12]} c6 {[%emt 0:05:12]} 11. Bb3 {[%emt 0:00:49]} d5 {[%emt 0:03:54]} 12. c4 {[%emt 0:11:38]} Re8 {[%emt 0:45:05]} 13. c5 {[%emt 0:12:33]} Bc7 {[%emt 0:00:08]} 14. a3 {[%emt 0:08:23]} h6 {[%emt 0:03:59]} 15. Nf1 {[%emt 0:05:47]} Be6 {[%emt 0:01:10]} 16. Qc2 {[%emt 0:06:29]} Nh5 {[%emt 0:01:47]} 17. Bb2 {[%emt 0:06:38]} Nhf4 {[%emt 0:02:11]} 18. d4 {[%emt 0:12:01]} dxe4 {[%emt 0:01:04]} 19. Nxe5 {[%emt 0:05:41]} Bxb3 {[%emt 0:10:02]} 20. Qxb3 {[%emt 0:00:40]} Nxe5 {[%emt 0:00:36]} 21. dxe5 {[%emt 0:00:07]} Bxe5 {[%emt 0:00:21]} 22. Rxe4 {[%emt 0:01:32]} Qg5 {[%emt 0:00:10]} 23. Ng3 {[%emt 0:00:47]} Bxb2 {[%emt 0:00:11]} 24. Rxe8+ {[%emt 0:00:03]} Rxe8 {[%emt 0:00:05]} 25. Qxb2 {[%emt 0:00:41]} h5 {[%emt 0:00:02]} 26. h4 {[%emt 0:00:54]} Qd5 {[%emt 0:03:56]} 27. f3 {[%emt 0:00:50]} Re6 {[%emt 0:01:25]} 28. Ne4 {[%emt 0:04:39]} f5 {[%emt 0:02:30]} 29. Ng3 {[%emt 0:02:52]} Rg6 {[%emt 0:00:47]} 30. Qc1 {[%emt 0:00:58]} Qd4+ {[%emt 0:02:43]} 31. Kh2 {[%emt 0:00:43]} Rxg3 {[%emt 0:00:14]} 32. Ra2 {[%emt 0:00:42]} Rg6 {[%emt 0:00:47]} 33. Rd2 {[%emt 0:00:36]} Qe5 {[%emt 0:00:32]} 34. g3 {[%emt 0:00:56]} Nd5 {[%emt 0:00:53]} 35. f4 {[%emt 0:00:05]} Qe3 {[%emt 0:00:23]} 0-1

[Event "Commonwealth Open 2019"]
[Site "Delhi"]
[Date "2019.07.02"]
[Round "4.21"]
[White "Bhambure, Shantanu"]
[Black "Saypuri, Srithan"]
[Result "1-0"]
[WhiteElo "2248"]
[BlackElo "1816"]
[Annotator "NA"]
[PlyCount "63"]
[EventDate "2019.06.30"]
[EventType "swiss"]
[EventCountry "IND"]
[SourceTitle "playchess.com"]
[Source "ChessBase"]
[SourceQuality "1"]
[TimeControl "5400+30"]

1. d4 {[%emt 0:00:00]} f5 {[%emt 0:04:51]} 2. g3 {[%emt 0:00:00]} Nf6 {[%emt 0:00:03]} 3. Bg2 {[%emt 0:00:00]} e6 {[%emt 0:00:04]} 4. Nf3 {[%emt 0:00:00]} Be7 {[%emt 0:00:03]} 5. O-O {[%emt 0:00:00]} O-O {[%emt 0:00:07]} 6. c4 {[%emt 0:00:14]} d6 {[%emt 0:00:09]} 7. Nc3 {[%emt 0:00:19]} a5 {[%emt 0:00:05]} 8. Qc2 {[%emt 0:00:32]} Nc6 {[%emt 0:00:05]} 9. a3 {[%emt 0:00:16]} e5 {[%emt 0:00:05]} 10. d5 {[%emt 0:00:22]} Nb8 {[%emt 0:01:35]} 11. Ng5 {[%emt 0:00:08]} Na6 {[%emt 0:16:00]} 12. Ne6 {[%emt 0:00:43]} Bxe6 {[%emt 0:00:07]} 13. dxe6 {[%emt 0:00:01]} c6 {[%emt 0:00:17]} 14. Qxf5 {[%emt 0:02:52]} Nc5 {[%emt 0:02:28]} 15. Be3 {[%emt 0:06:14]} Nd5 {[%emt 0:09:13]} 16. Qxf8+ {[%emt 0:01:17]} Qxf8 {[%emt 0:06:11]} 17. cxd5 {[%emt 0:00:11]} Nb3 {[%emt 0:12:06]} 18. Rad1 {[%emt 0:02:33]} c5 {[%emt 0:01:08]} 19. f4 {[%emt 0:05:01]} exf4 {[%emt 0:03:23]} 20. Rxf4 {[%emt 0:02:24]} Qe8 {[%emt 0:04:29]} 21. Rf7 {[%emt 0:09:03]} b5 {[%emt 0:04:36]} 22. Ne4 {[%emt 0:08:29]} b4 {[%emt 0:05:01]} 23. Nxc5 {[%emt 0:21:01]} Nxc5 {[%emt 0:09:09]} 24. Bxc5 {[%emt 0:00:45]} dxc5 {[%emt 0:02:35]} 25. d6 {[%emt 0:04:20]} Qa4 {[%emt 0:01:07]} 26. Rdf1 {[%emt 0:03:24]} Bxd6 {[%emt 0:03:09]} 27. Bxa8 {[%emt 0:00:18]} bxa3 {[%emt 0:01:14]} 28. bxa3 {[%emt 0:04:36]} Qe8 {[%emt 0:09:12]} 29. Bd5 {[%emt 0:01:12]} Be7 {[%emt 0:00:07]} 30. Rb1 {[%emt 0:01:51]} c4 {[%emt 0:02:20]} 31. Rxe7 {[%emt 0:00:38]} Qxe7 {[%emt 0:00:09]} 32. Rb8+ {[%emt 0:00:04]} 1-0

[Event "Commonwealth Open 2019"]
[Site "Delhi"]
[Date "2019.07.02"]
[Round "4.22"]
[White "Oatlhotse, Providence"]
[Black "Kumar, Gaurav"]
[Result "0-1"]
[WhiteElo "2244"]
[BlackElo "2110"]
[Annotator "NA"]
[PlyCount "63"]
[EventDate "2019.06.30"]
[EventType "swiss"]
[EventCountry "IND"]
[SourceTitle "playchess.com"]
[Source "ChessBase"]
[SourceQuality "1"]
[TimeControl "5400+30"]

1. c4 {[%emt 0:06:22]} e5 {[%emt 0:00:00]} 2. g3 {[%emt 0:00:02]} c6 {[%emt 0:00:41]} 3. Nf3 {[%emt 0:00:03]} e4 {[%emt 0:00:21]} 4. Nd4 {[%emt 0:00:03]} d5 {[%emt 0:00:54]} 5. cxd5 {[%emt 0:00:02]} Qxd5 {[%emt 0:00:14]} 6. e3 {[%emt 0:00:03]} Nf6 {[%emt 0:02:50]} 7. Nc3 {[%emt 0:00:07]} Qe5 {[%emt 0:02:30]} 8. Bg2 {[%emt 0:00:34]} Bc5 {[%emt 0:06:34]} 9. f4 {[%emt 0:01:37]} Qe7 {[%emt 0:01:25]} 10. Nb3 {[%emt 0:04:11]} Bb6 {[%emt 0:01:45]} 11. Qc2 {[%emt 0:00:57]} Bf5 {[%emt 0:01:06]} 12. h3 {[%emt 0:00:17]} h5 {[%emt 0:05:32]} 13. Ne2 {[%emt 0:00:45]} O-O {[%emt 0:03:47]} 14. Nbd4 {[%emt 0:00:28]} Bd7 {[%emt 0:08:41]} 15. b3 {[%emt 0:05:03]} Na6 {[%emt 0:06:22]} 16. Qb1 {[%emt 0:05:58]} Nb4 {[%emt 0:05:05]} 17. Ba3 {[%emt 0:02:11]} a5 {[%emt 0:03:34]} 18. O-O {[%emt 0:06:10]} c5 {[%emt 0:00:08]} 19. Nc2 {[%emt 0:01:05]} Bb5 {[%emt 0:00:06]} 20. Re1 {[%emt 0:01:22]} Bd3 {[%emt 0:14:14]} 21. Bxb4 {[%emt 0:00:14]} axb4 {[%emt 0:00:22]} 22. Qb2 {[%emt 0:01:11]} Rfd8 {[%emt 0:01:39]} 23. Nc1 {[%emt 0:07:12]} Bb5 {[%emt 0:08:41]} 24. Rd1 {[%emt 0:02:02]} Rd7 {[%emt 0:00:11]} 25. Kh2 {[%emt 0:09:50]} Rad8 {[%emt 0:00:36]} 26. Ne1 {[%emt 0:00:19]} Nd5 {[%emt 0:00:14]} 27. Nc2 {[%emt 0:12:25]} Nc3 28. dxc3 {[%emt 0:02:22]} Rd5 29. Rd2 Rxd2 {[%emt 0:01:25]} 30. c4 {[%emt 0:00:44]} Rd1 {[%emt 0:01:07]} 31. Ne2 {[%emt 0:04:53]} Bc6 {[%emt 0:00:02]} 32. Qf6 {[%emt 0:12:59]} 0-1

[Event "Commonwealth Open 2019"]
[Site "Delhi"]
[Date "2019.07.03"]
[Round "5.1"]
[White "Laxman, R.R."]
[Black "Gupta, Abhijeet"]
[Result "1/2-1/2"]
[WhiteElo "2437"]
[BlackElo "2606"]
[Annotator "ChessBase"]
[PlyCount "97"]
[EventDate "2019.06.30"]
[EventType "swiss"]
[EventCountry "IND"]
[SourceTitle "playchess.com"]
[Source "ChessBase"]
[SourceQuality "1"]
[TimeControl "5400+30"]

1. Nf3 {[%emt 0:00:00]} Nf6 {[%emt 0:00:00]} 2. d4 {[%emt 0:00:36]} g6 {[%emt 0:00:00]} 3. g3 {[%emt 0:00:06]} Bg7 {[%emt 0:00:00]} 4. Bg2 {[%emt 0:00:08]} O-O {[%emt 0:00:35]} 5. O-O {[%emt 0:00:17]} d6 {[%emt 0:00:27]} 6. Re1 {[%emt 0:02:52]} Nbd7 {[%emt 0:01:09]} 7. e4 {[%emt 0:00:17]} e5 {[%emt 0:00:04]} 8. Nc3 {[%emt 0:01:27]} c6 {[%emt 0:00:41]} 9. h3 {[%emt 0:04:23]} Re8 {[%emt 0:08:32]} 10. a4 {[%emt 0:02:59]} Qc7 {[%emt 0:00:57]} 11. Be3 {[%emt 0:06:23]} b6 {[%emt 0:01:11]} 12. dxe5 {[%emt 0:01:26]} dxe5 {[%emt 0:00:23]} 13. Nd2 {[%emt 0:00:29]} Ba6 {[%emt 0:03:25]} 14. Bf1 {[%emt 0:02:25]} Bxf1 {[%emt 0:01:00]} 15. Kxf1 {[%emt 0:00:07]} a6 {[%emt 0:02:17]} 16. Kg2 {[%emt 0:01:51]} b5 {[%emt 0:01:59]} 17. Qf3 {[%emt 0:00:29]} Nf8 {[%emt 0:01:33]} 18. Nb3 {[%emt 0:04:42]} Ne6 {[%emt 0:00:28]} 19. Red1 {[%emt 0:01:07]} b4 {[%emt 0:01:29]} 20. Ne2 {[%emt 0:01:54]} c5 {[%emt 0:00:28]} 21. Nd2 {[%emt 0:04:24]} Nd4 {[%emt 0:02:09]} 22. Bxd4 {[%emt 0:01:48]} cxd4 {[%emt 0:00:27]} 23. c3 {[%emt 0:03:29]} bxc3 {[%emt 0:01:01]} 24. bxc3 {[%emt 0:00:02]} Rad8 {[%emt 0:00:27]} 25. cxd4 {[%emt 0:00:29]} exd4 {[%emt 0:00:06]} 26. Nf4 {[%emt 0:00:10]} Bh6 {[%emt 0:21:28]} 27. Nxg6 {[%emt 0:03:16]} hxg6 {[%emt 0:07:58]} 28. Qxf6 {[%emt 0:00:07]} Qc2 {[%emt 0:04:22]} 29. Qxa6 {[%emt 0:02:17]} d3 {[%emt 0:03:07]} 30. Nf3 {[%emt 0:07:46]} d2 {[%emt 0:03:51]} 31. e5 {[%emt 0:05:14]} Qe4 {[%emt 0:01:35]} 32. Rab1 {[%emt 0:02:58]} Rd3 {[%emt 0:13:50]} 33. Qb7 {[%emt 0:00:08]} Qe2 {[%emt 0:00:06]} 34. Qc6 {[%emt 0:04:32]} Rf8 {[%emt 0:05:27]} 35. Qf6 {[%emt 0:02:18]} Qe4 {[%emt 0:00:25]} 36. h4 {[%emt 0:16:28]} Rc3 {[%emt 0:10:27]} 37. Rb2 {[%emt 0:11:11]} Rc2 {[%emt 0:01:14]} 38. Qb6 {[%emt 0:00:02]} Rxb2 {[%emt 0:00:38]} 39. Qxb2 {[%emt 0:00:01]} Rd8 {[%emt 0:00:05]} 40. Qb6 {[%emt 0:01:09]} Rc8 {[%emt 0:02:48]} 41. h5 {[%emt 0:02:24]} Qc2 {[%emt 0:01:43]} 42. e6 {[%emt 0:00:32]} Qxd1 {[%emt 0:00:35]} 43. exf7+ {[%emt 0:00:05]} Kh8 {[%emt 0:00:02]} 44. Qd4+ {[%emt 0:02:13]} Bg7 {[%emt 0:00:06]} 45. Qd7 {[%emt 0:00:02]} Qc1 {[%emt 0:01:21]} 46. hxg6 {[%emt 0:03:46]} d1=Q {[%emt 0:00:14]} 47. Qe8+ {[%emt 0:00:04]} Bf8 {[%emt 0:00:02]} 48. Qe5+ {[%emt 0:00:05]} Bg7 {[%emt 0:00:02]} 49. Qe8+ {[%emt 0:00:05]} 1/2-1/2

[Event "Commonwealth Open 2019"]
[Site "Delhi"]
[Date "2019.07.03"]
[Round "5.2"]
[White "Debashis, Das"]
[Black "Saravana, Krishnan P."]
[Result "1-0"]
[WhiteElo "2544"]
[BlackElo "2290"]
[Annotator "ChessBase"]
[PlyCount "119"]
[EventDate "2019.06.30"]
[EventType "swiss"]
[EventCountry "IND"]
[SourceTitle "playchess.com"]
[Source "ChessBase"]
[SourceQuality "1"]
[TimeControl "5400+30"]

1. Nf3 {[%emt 0:00:00]} d5 {[%emt 0:01:09]} 2. c4 {[%emt 0:00:00]} e6 {[%emt 0:04:47]} 3. d4 {[%emt 0:00:00]} Nf6 {[%emt 0:00:39]} 4. Nc3 {[%emt 0:00:21]} c6 {[%emt 0:00:59]} 5. e3 {[%emt 0:00:44]} Nbd7 {[%emt 0:00:16]} 6. Qc2 {[%emt 0:00:39]} Bd6 {[%emt 0:00:32]} 7. Be2 {[%emt 0:00:27]} O-O {[%emt 0:01:32]} 8. O-O {[%emt 0:00:06]} dxc4 {[%emt 0:03:54]} 9. Bxc4 {[%emt 0:00:07]} e5 {[%emt 0:00:37]} 10. h3 {[%emt 0:00:38]} Qe7 {[%emt 0:01:04]} 11. Bd2 {[%emt 0:08:25]} e4 {[%emt 0:08:31]} 12. Ng5 {[%emt 0:00:52]} Nb6 {[%emt 0:00:08]} 13. Bb3 {[%emt 0:01:09]} Bf5 {[%emt 0:04:49]} 14. f3 {[%emt 0:03:04]} Rae8 {[%emt 0:11:53]} 15. fxe4 {[%emt 0:01:37]} Bg6 {[%emt 0:02:11]} 16. Qd1 {[%emt 0:04:17]} h6 {[%emt 0:04:07]} 17. e5 {[%emt 0:00:28]} hxg5 {[%emt 0:00:51]} 18. exf6 {[%emt 0:00:12]} gxf6 {[%emt 0:00:10]} 19. Qf3 {[%emt 0:02:17]} Nd7 {[%emt 0:03:03]} 20. Rae1 {[%emt 0:01:58]} Bc7 {[%emt 0:01:52]} 21. g4 {[%emt 0:27:59]} Qd6 {[%emt 0:02:17]} 22. Qg2 {[%emt 0:00:17]} a6 {[%emt 0:06:25]} 23. Bc1 {[%emt 0:08:54]} Kg7 {[%emt 0:03:10]} 24. Rf3 {[%emt 0:01:32]} Kg8 {[%emt 0:00:00]} 25. Rff1 {[%emt 0:00:00]} Kg7 {[%emt 0:01:00]} 26. Rf3 {[%emt 0:01:00]} Re7 {[%emt 0:07:28]} 27. Ne2 {[%emt 0:07:46]} c5 {[%emt 0:01:35]} 28. Rd1 {[%emt 0:00:23]} Qc6 {[%emt 0:04:14]} 29. d5 {[%emt 0:14:56]} Qd6 {[%emt 0:00:57]} 30. Rdf1 {[%emt 0:01:44]} b5 {[%emt 0:09:44]} 31. Ng3 {[%emt 0:00:18]} c4 {[%emt 0:01:22]} 32. Bc2 {[%emt 0:00:04]} Qxd5 {[%emt 0:00:20]} 33. Nf5+ {[%emt 0:00:14]} Bxf5 {[%emt 0:00:13]} 34. Rxf5 {[%emt 0:00:12]} Qxg2+ {[%emt 0:00:16]} 35. Kxg2 {[%emt 0:00:04]} Rfe8 {[%emt 0:00:46]} 36. h4 {[%emt 0:00:39]} gxh4 {[%emt 0:03:57]} 37. g5 {[%emt 0:00:04]} Re6 {[%emt 0:00:47]} 38. Kh3 {[%emt 0:00:37]} Bd8 {[%emt 0:00:51]} 39. Bd2 {[%emt 0:04:45]} Rg8 {[%emt 0:05:19]} 40. Rd5 {[%emt 0:01:55]} Ne5 {[%emt 0:01:00]} 41. Bc3 {[%emt 0:00:10]} Rge8 {[%emt 0:02:34]} 42. Bf5 {[%emt 0:00:38]} Rb6 {[%emt 0:01:13]} 43. Bd4 {[%emt 0:03:07]} Rb8 {[%emt 0:01:06]} 44. gxf6+ {[%emt 0:00:15]} Bxf6 {[%emt 0:00:16]} 45. Rd6 {[%emt 0:00:02]} Bg5 {[%emt 0:01:09]} 46. Rxa6 {[%emt 0:00:08]} f6 {[%emt 0:00:20]} 47. Ra7+ {[%emt 0:00:14]} Nf7 {[%emt 0:01:08]} 48. Rg1 {[%emt 0:00:30]} Kf8 {[%emt 0:00:10]} 49. Bg6 {[%emt 0:01:35]} Ne5 {[%emt 0:00:24]} 50. Bxe8 {[%emt 0:01:25]} Rxe8 {[%emt 0:00:18]} 51. Rf1 {[%emt 0:01:25]} Kg8 {[%emt 0:00:43]} 52. Rb7 {[%emt 0:00:11]} Nf7 {[%emt 0:00:29]} 53. Rxb5 {[%emt 0:00:25]} Re4 {[%emt 0:01:03]} 54. a4 {[%emt 0:01:32]} Bxe3 {[%emt 0:00:19]} 55. Bxe3 {[%emt 0:00:13]} Rxe3+ {[%emt 0:00:05]} 56. Kxh4 {[%emt 0:00:02]} Kg7 {[%emt 0:00:13]} 57. a5 {[%emt 0:00:03]} Kg6 {[%emt 0:00:37]} 58. a6 {[%emt 0:00:19]} Ng5 {[%emt 0:01:30]} 59. a7 {[%emt 0:00:14]} Re8 {[%emt 0:00:28]} 60. Rb8 {[%emt 0:00:32]} 1-0

[Event "Commonwealth Open 2019"]
[Site "Delhi"]
[Date "2019.07.03"]
[Round "5.3"]
[White "Narayanan.S.L"]
[Black "Divya, Deshmukh"]
[Result "1-0"]
[WhiteElo "2603"]
[BlackElo "2414"]
[Annotator "ChessBase"]
[PlyCount "69"]
[EventDate "2019.06.30"]
[EventType "swiss"]
[EventCountry "IND"]
[SourceTitle "playchess.com"]
[Source "ChessBase"]
[SourceQuality "1"]
[TimeControl "5400+30"]

1. Nf3 {[%emt 0:00:00]} Nf6 {[%emt 0:00:00]} 2. c4 {[%emt 0:00:00]} g6 {[%emt 0:00:00]} 3. Nc3 {[%emt 0:00:00]} d5 {[%emt 0:00:00]} 4. cxd5 {[%emt 0:00:00]} Nxd5 {[%emt 0:00:01]} 5. Qb3 {[%emt 0:00:12]} Nb6 {[%emt 0:00:58]} 6. d4 Bg7 {[%emt 0:00:16]} 7. Bf4 {[%emt 0:00:16]} O-O {[%emt 0:01:05]} 8. e3 {[%emt 0:00:40]} c6 {[%emt 0:02:56]} 9. Be2 {[%emt 0:01:25]} Be6 {[%emt 0:01:13]} 10. Qc2 {[%emt 0:00:47]} N8d7 {[%emt 0:00:22]} 11. O-O {[%emt 0:02:00]} Bg4 {[%emt 0:01:57]} 12. Rfd1 {[%emt 0:06:07]} Qc8 {[%emt 0:00:41]} 13. Bg3 {[%emt 0:02:52]} c5 {[%emt 0:14:09]} 14. Rac1 {[%emt 0:02:35]} cxd4 {[%emt 0:04:18]} 15. Nxd4 {[%emt 0:01:05]} Nf6 {[%emt 0:01:12]} 16. h3 {[%emt 0:12:49]} Bxe2 {[%emt 0:07:54]} 17. Qxe2 {[%emt 0:00:07]} Qc5 {[%emt 0:00:08]} 18. Qf3 {[%emt 0:05:32]} Nh5 {[%emt 0:12:11]} 19. Bh2 {[%emt 0:20:44]} e5 {[%emt 0:08:46]} 20. Ndb5 {[%emt 0:00:09]} Qe7 {[%emt 0:04:03]} 21. a4 {[%emt 0:01:02]} a5 {[%emt 0:07:48]} 22. Rd6 {[%emt 0:06:28]} Ra6 {[%emt 0:04:47]} 23. Rcd1 {[%emt 0:11:19]} Nc4 {[%emt 0:03:11]} 24. Rd7 {[%emt 0:00:11]} Qf6 {[%emt 0:00:09]} 25. Qxb7 {[%emt 0:01:35]} Re6 {[%emt 0:05:34]} 26. Nc7 {[%emt 0:03:21]} Rd6 {[%emt 0:03:50]} 27. N7d5 {[%emt 0:01:56]} Qe6 {[%emt 0:00:22]} 28. Rxd6 {[%emt 0:01:13]} Nxd6 {[%emt 0:00:03]} 29. Qe7 {[%emt 0:00:21]} Nc8 {[%emt 0:04:10]} 30. Qxe6 {[%emt 0:00:06]} fxe6 {[%emt 0:00:01]} 31. Nc7 {[%emt 0:00:09]} Kf7 {[%emt 0:00:15]} 32. Rd7+ {[%emt 0:00:52]} Ne7 {[%emt 0:00:09]} 33. Ne4 {[%emt 0:00:31]} Bf6 {[%emt 0:01:35]} 34. g4 {[%emt 0:00:21]} Ng7 {[%emt 0:00:07]} 35. g5 {[%emt 0:00:06]} 1-0

[Event "Commonwealth Open 2019"]
[Site "Delhi"]
[Date "2019.07.03"]
[Round "5.4"]
[White "Aravindh, Chithambaram Vr."]
[Black "Tania, Sachdev"]
[Result "1-0"]
[WhiteElo "2598"]
[BlackElo "2401"]
[Annotator "ChessBase"]
[PlyCount "98"]
[EventDate "2019.06.30"]
[EventType "swiss"]
[EventCountry "IND"]
[SourceTitle "playchess.com"]
[Source "ChessBase"]
[SourceQuality "1"]
[TimeControl "5400+30"]

1. d4 {[%emt 0:00:00]} Nf6 {[%emt 0:06:16]} 2. c4 {[%emt 0:00:00]} e6 {[%emt 0:00:29]} 3. Nc3 {[%emt 0:00:00]} Bb4 {[%emt 0:00:11]} 4. Qc2 {[%emt 0:00:07]} d5 {[%emt 0:00:58]} 5. a3 {[%emt 0:00:13]} Bxc3+ {[%emt 0:00:19]} 6. Qxc3 {[%emt 0:00:07]} dxc4 {[%emt 0:02:22]} 7. Qxc4 {[%emt 0:00:49]} b6 {[%emt 0:00:04]} 8. Bg5 {[%emt 0:01:45]} Ba6 {[%emt 0:01:03]} 9. Qc3 {[%emt 0:00:40]} O-O {[%emt 0:02:21]} 10. Nf3 {[%emt 0:00:06]} Nbd7 {[%emt 0:07:25]} 11. Ne5 {[%emt 0:01:03]} Bb7 {[%emt 0:09:43]} 12. Rd1 {[%emt 0:24:58]} Rc8 {[%emt 0:20:15]} 13. Qd2 {[%emt 0:02:23]} Nd5 {[%emt 0:00:05]} 14. Bh4 {[%emt 0:01:28]} f6 {[%emt 0:06:38]} 15. Nc4 {[%emt 0:03:58]} Ne7 {[%emt 0:09:29]} 16. f3 {[%emt 0:00:30]} Nf5 {[%emt 0:00:30]} 17. Bf2 {[%emt 0:00:17]} Nd6 {[%emt 0:00:29]} 18. e3 {[%emt 0:02:20]} Qe7 {[%emt 0:00:59]} 19. Bd3 {[%emt 0:02:44]} Rfd8 {[%emt 0:10:37]} 20. O-O {[%emt 0:00:30]} Nxc4 {[%emt 0:00:29]} 21. Bxc4 {[%emt 0:00:07]} Ne5 {[%emt 0:00:22]} 22. Be2 {[%emt 0:01:06]} c5 {[%emt 0:00:08]} 23. Rc1 {[%emt 0:02:30]} Nc6 {[%emt 0:09:35]} 24. Rfe1 {[%emt 0:07:57]} cxd4 {[%emt 0:03:11]} 25. exd4 {[%emt 0:00:19]} Nxd4 {[%emt 0:01:13]} 26. Bxd4 {[%emt 0:11:14]} Rxc1 {[%emt 0:00:05]} 27. Rxc1 {[%emt 0:00:03]} e5 {[%emt 0:00:08]} 28. Qb4 {[%emt 0:00:22]} Qxb4 {[%emt 0:00:23]} 29. axb4 {[%emt 0:00:04]} exd4 {[%emt 0:02:23]} 30. Rc7 {[%emt 0:00:06]} d3 {[%emt 0:00:32]} 31. Bd1 {[%emt 0:01:03]} Bd5 {[%emt 0:01:27]} 32. Kf2 {[%emt 0:01:18]} a6 {[%emt 0:03:27]} 33. Ke3 {[%emt 0:00:45]} Kf8 {[%emt 0:02:10]} 34. Kd2 {[%emt 0:00:52]} Bf7 {[%emt 0:00:36]} 35. Rc6 {[%emt 0:00:50]} a5 {[%emt 0:00:34]} 36. Rxb6 {[%emt 0:00:26]} axb4 {[%emt 0:00:02]} 37. Rxb4 {[%emt 0:00:05]} Bg6 {[%emt 0:00:32]} 38. Rb7 {[%emt 0:00:50]} Rc8 {[%emt 0:00:24]} 39. f4 {[%emt 0:02:32]} Rd8 {[%emt 0:01:01]} 40. Rb5 {[%emt 0:02:06]} Ke7 {[%emt 0:00:29]} 41. Rb7+ {[%emt 0:30:57] Bf7 Rb5} Kf8 42. Rb4 {[%emt 0:00:00]} Rd7 {[%emt 0:01:02]} 43. Bf3 {[%emt 0:01:14] g5 g4 Kg7} Be4 {[%emt 0:00:00] h5} 44. h3 {[%emt 0:00:00] Kf8 Bxd3 hxg4 hxg4} Bd5 {[%emt 0:00:54]} 45. Ke3 {[%emt 0:00:00]} Ke7 {[%emt 0:00:20]} 46. Be4 {[%emt 0:00:00]} Ba2 {[%emt 0:00:29]} 47. b3 {[%emt 0:01:43] Rd1} Rb7 {[%emt 0:00:36] Kd6} 48. Rb6 {[%emt 0:00:00] Kc5 Rc6+ Kb4 Rxf6} Bxb3 {[%emt 0:00:00] Rg6 Re1+} 49. Kd4 {[%emt 0:00:36] Rd1+ Ke5 Re1} Rxb6 {[%emt 0:00:00] Ka3 Rxb3+ Kxb3} 1-0

[Event "Commonwealth Open 2019"]
[Site "Delhi"]
[Date "2019.07.03"]
[Round "5.5"]
[White "Lalith, Babu M R"]
[Black "Rathnakaran, K.."]
[Result "1-0"]
[WhiteElo "2571"]
[BlackElo "2338"]
[Annotator "ChessBase"]
[PlyCount "63"]
[EventDate "2019.06.30"]
[EventType "swiss"]
[EventCountry "IND"]
[SourceTitle "playchess.com"]
[Source "ChessBase"]
[SourceQuality "1"]
[TimeControl "5400+30"]

1. Nf3 {[%emt 0:18:13]} g6 {[%emt 0:00:00]} 2. d4 {[%emt 0:00:27]} Bg7 {[%emt 0:00:00]} 3. c4 {[%emt 0:00:06]} d6 {[%emt 0:00:00]} 4. Nc3 {[%emt 0:00:09]} Nd7 {[%emt 0:00:00]} 5. e4 {[%emt 0:03:47]} e5 {[%emt 0:00:07]} 6. Be2 {[%emt 0:05:33]} Ne7 {[%emt 0:00:25]} 7. h4 {[%emt 0:01:06]} exd4 {[%emt 0:00:43]} 8. Nxd4 {[%emt 0:00:06]} c6 {[%emt 0:00:07]} 9. h5 {[%emt 0:00:49]} Qb6 {[%emt 0:00:17]} 10. Nb3 {[%emt 0:00:14]} Qc7 {[%emt 0:01:48]} 11. Be3 {[%emt 0:00:53]} gxh5 {[%emt 0:01:45]} 12. Qd2 {[%emt 0:05:14]} Ne5 {[%emt 0:00:26]} 13. Bd4 {[%emt 0:00:25]} Rg8 {[%emt 0:05:30]} 14. f4 {[%emt 0:02:47]} N5g6 {[%emt 0:14:01]} 15. Bxg7 {[%emt 0:14:42]} Rxg7 {[%emt 0:00:33]} 16. O-O-O {[%emt 0:01:20]} d5 {[%emt 0:07:47]} 17. f5 {[%emt 0:01:59]} Nf4 {[%emt 0:11:25]} 18. cxd5 {[%emt 0:00:25]} cxd5 {[%emt 0:02:17]} 19. Bb5+ {[%emt 0:00:05]} Bd7 {[%emt 0:03:25]} 20. Bxd7+ {[%emt 0:00:27]} Kxd7 {[%emt 0:00:06]} 21. Rdf1 {[%emt 0:03:26]} Rg4 {[%emt 0:11:41]} 22. g3 {[%emt 0:00:09]} a5 {[%emt 0:01:26]} 23. Rxf4 {[%emt 0:00:38]} a4 {[%emt 0:01:56]} 24. Nd4 {[%emt 0:00:05]} a3 {[%emt 0:00:04]} 25. Rxg4 {[%emt 0:00:21]} hxg4 {[%emt 0:00:23]} 26. f6 {[%emt 0:00:08]} axb2+ {[%emt 0:01:20]} 27. Kb1 {[%emt 0:00:02]} Ng6 {[%emt 0:00:33] Kc1 Ne7+ Kb1 Ng6} 28. Ndb5 {[%emt 0:00:16]} Qc4 {[%emt 0:01:22]} 29. Rxh7 {[%emt 0:03:41]} Ne5 {[%emt 0:02:17]} 30. Qxd5+ {[%emt 0:00:07]} Qxd5 {[%emt 0:00:07]} 31. exd5 {[%emt 0:00:22]} b6 {[%emt 0:02:32]} 32. Kxb2 {[%emt 0:00:17]} 1-0